Industrial fermentations
Saved in:
| Main Authors: | , |
|---|---|
| Format: | Bog |
| Sprog: | engelsk |
| Udgivet: |
Nueva York
Chemical Publishing
1954
|
| Fag: | |
| Tags: |
Tilføj Tag
Ingen Tags, Vær først til at tagge denne postø!
|
MARC
| LEADER | 00000nam a2200000 a 4500 | ||
|---|---|---|---|
| 001 | UCU3933 | ||
| 003 | CL-VaPUC | ||
| 008 | 960517e19540000US |||||||||||||||||eng|d | ||
| 082 | 0 | 4 | |a 547.29 |b UND |2 21 |
| 100 | 0 | |a Underkofler, Leland A |e author |9 361160 | |
| 700 | 0 | |a Hickey, Richard J |e author |9 361161 | |
| 245 | 1 | 0 | |a Industrial fermentations |
| 300 | |a v | ||
| 942 | |c BK | ||
| 945 | |d 19960517 00:00:00 |a cmena | ||
| 260 | |a Nueva York |b Chemical Publishing |c 1954 | ||
| 650 | 0 | |a Fermentación |9 259565 | |
| 650 | 0 | |a Bioquímica |9 259492 | |
| 650 | 0 | |a Enzimas |9 262984 | |
| 650 | 7 | |a ENZIMOLOGIA |2 CL-VaPUC |9 263051 | |
| 650 | 0 | |a Biotecnología |9 259561 | |
| 650 | 0 | |a Productos industriales |9 351544 | |
| 583 | |a last modification |c 19960517 00:00:00 |k Rodrigo Vera | ||
| 999 | |c 247783 |d 247781 | ||